[Event "Lloyds Bank op 17th"]
[Site "London"]
[Date "1993.??.??"]
[Round "3"]
[White "Dunnington, Angus J"]
[Black "Crocker, Matthew"]
[Result "0-1"]
[WhiteElo "2415"]
[BlackElo "2120"]
[PlyCount "70"]
[EventDate "1993.08.??"]
[EventType "swiss"]
[EventRounds "10"]
[EventCountry "ENG"]
[SourceTitle "EXT 1998"]
[Source "ChessBase"]
[SourceDate "1997.11.17"]
[SourceVersion "1"]
[SourceVersionDate "1997.11.17"]
[SourceQuality "1"]

1. Nf3 Nf6 2. d4 g6 3. Nc3 Bg7 4. e4 d6 5. Be3 0-0 6. Qd2 Nbd7 7. Bh6 c5 8. Bxg7 Kxg7 9. e5 Ne8 10. dxc5 Nxc5 11. 0-0-0 Qa5 12. Qd4 Ne6 13. Qh4 dxe5 14. Rd5 Qb6 15. Rxe5 Nf6 16. Be2 Bd7 17. Rd1 Qc7 18. Qb4 Bc6 19. Nb5 Bxb5 20. Rxb5 Rac8 21. c3 b6 22. Re5 Rfd8 23. Rxd8 Rxd8 24. g3 Nd5 25. Qc4 Qd6 26. Re4 Rd7 27. Nd4 Nc5 28. Rg4 Qf6 29. Nf3 Ne6 30. Re4 Rd6 31. h4 b5 32. Qc8 b4 33. c4 Nc3 34. bxc3 Qxc3+ 35. Kb1 b3 0-1